Problems of unorganized sector : An empirical study of zari industry of Banaras (Record no. 18534)

MARC details
000 -LEADER
fixed length control field 00319nam a2200121Ia 4500
082 ## - DEWEY DECIMAL CLASSIFICATION NUMBER
Classification number RL.0011
100 ## - MAIN ENTRY--AUTHOR NAME
Personal name Lallan Prasad
245 #0 - TITLE STATEMENT
Title Problems of unorganized sector : An empirical study of zari industry of Banaras
260 ## - PUBLICATION, DISTRIBUTION, ETC. (IMPRINT)
Year of publication 1985
300 ## - PHYSICAL DESCRIPTION
Number of Pages v.p.
942 ## - ADDED ENTRY ELEMENTS (KOHA)
Koha item type Books
Holdings
Withdrawn status Lost status Damaged status Not for loan Home library Current library Date acquired Bill Date Full call number Accession Number Price effective from Koha item type
        NASSDOC Library NASSDOC Library 08/10/2004 2004-10-22 RL.0011 21029 18/04/2019 Books